Quantitative forecasting of problems in industrial water systems (Record no. 68335)

000 -LEADER
fixed length control field 00466nam a22001697a 4500
003 - CONTROL NUMBER IDENTIFIER
control field NUST - PNEC
005 - DATE AND TIME OF LATEST TRANSACTION
control field 20170116181049.0
008 - FIXED-LENGTH DATA ELEMENTS--GENERAL INFORMATION
fixed length control field 150928b xxu||||| |||| 00| 0 eng d
020 ## - INTERNATIONAL STANDARD BOOK NUMBER
International Standard Book Number 9812381848
040 ## - CATALOGING SOURCE
Transcribing agency LIBRARY
082 ## - DEWEY DECIMAL CLASSIFICATION NUMBER
Classification number 628.1 EME
100 ## - MAIN ENTRY--PERSONAL NAME
9 (RLIN) 11800
Personal name Emerson, A. G. D
245 ## - TITLE STATEMENT
Title Quantitative forecasting of problems in industrial water systems
Statement of responsibility, etc. A. G. D. Emerson
260 ## - PUBLICATION, DISTRIBUTION, ETC.
Date of publication, distribution, etc. c 2003
650 ## - SUBJECT ADDED ENTRY--TOPICAL TERM
9 (RLIN) 11801
Topical term or geographic name entry element Water--Analysis
General subdivision ME
942 ## - ADDED ENTRY ELEMENTS (KOHA)
Source of classification or shelving scheme
Koha item type Book
Holdings
Withdrawn status Lost status Source of classification or shelving scheme Damaged status Not for loan Permanent Location Current Location Shelving location Date acquired Total Checkouts Full call number Barcode Date last seen Price effective from Koha item type
          Pakistan Navy Engineering College (PNEC) Pakistan Navy Engineering College (PNEC)       628.1 EME PNECLIB-026345 09/28/2015   Book
© 2023 Central Library, National University of Sciences and Technology. All Rights Reserved.